Collected letters of Samuel Taylor Coleridge / (Record no. 23254)
[ view plain ]
| 000 -LEADER | |
|---|---|
| fixed length control field | 00933nam a2200265 a 4500 |
| 001 - CONTROL NUMBER | |
| control field | 23254 |
| 003 - CONTROL NUMBER IDENTIFIER | |
| rucl marc code | BD-RjUL |
| 005 - DATE AND TIME OF LATEST TRANSACTION | |
| control field | 20211209000917.0 |
| 008 - FIXED-LENGTH DATA ELEMENTS--GENERAL INFORMATION | |
| fixed length control field | 140310m1959 enkc b 001 0aeng d |
| 035 ## - SYSTEM CONTROL NUMBER | |
| System control number | (BD-RjUL)23319 |
| System control number | (BD-RjUL)23319 |
| 040 ## - CATALOGING SOURCE | |
| Original cataloging agency | DLC |
| Transcribing agency | HEI |
| Modifying agency | m.c |
| -- | OCL |
| -- | BD-RjUL |
| -- | BD-RjUL |
| Language of cataloging | eng |
| 041 ## - LANGUAGE CODE | |
| Language code of text/sound track or separate title | eng |
| 082 ## - DEWEY DECIMAL CLASSIFICATION NUMBER | |
| Classification number | 928.2 |
| Author mark and year | COC V-4 1959 |
| 100 1# - MAIN ENTRY--PERSONAL NAME | |
| Personal name | Coleridge, Samuel Taylor, |
| Dates associated with a name | 1772-1834. |
| 9 (RLIN) | 71677 |
| 245 10 - TITLE STATEMENT | |
| Title | Collected letters of Samuel Taylor Coleridge / |
| Statement of responsibility, etc. | edited by Earl Leslie Griggs. |
| Number of part/section of a work | VOLUME IV |
| Name of part/section of a work | 1815-1819 |
| 260 ## - PUBLICATION, DISTRIBUTION, ETC. (IMPRINT) | |
| Place of publication, distribution, etc. | Oxford : |
| Name of publisher, distributor, etc. | Clarendon Press, |
| Date of publication, distribution, etc. | 1959. |
| 300 ## - PHYSICAL DESCRIPTION | |
| Pagination | xi ,999 p. : |
| Illustrations | ports ; |
| Size | 23 cm. |
| 504 ## - BIBLIOGRAPHY, ETC. NOTE | |
| Bibliography, etc | Includes bibliographical references. |
| 505 0# - FORMATTED CONTENTS NOTE | |
| Formatted contents note | Vol. 1. 1785-1800. -- v. 2. 1801-1806. -- v. 3. 1807-1814. -- v. 4. 1815-1819. -- v. 5. 1820-1825. -- v. 6. 1826-1834. |
| 700 1# - ADDED ENTRY--PERSONAL NAME | |
| Personal name | Griggs, Earl Leslie. |
| 942 ## - ADDED ENTRY ELEMENTS (KOHA) | |
| Source of classification or shelving scheme | Dewey Decimal Classification |
| Koha item type | Books |
| Lost status | Source of classification or shelving scheme | Damaged status | Not for loan | Collection code | Permanent Location | Current Location | Shelving location | Date acquired | Source of acquisition | Cost, normal purchase price | Total Checkouts | Full call number | Date last seen | Copy number | Koha item type |
|---|---|---|---|---|---|---|---|---|---|---|---|---|---|---|---|
| Dewey Decimal Classification | Fiction | Central Library, University of Rajshahi | Central Library, University of Rajshahi | 24/08/1970 | Zeitlinger | 235.00 | 928.2 COC V-4 1959 | 10/03/2014 | C-1 | Books | |||||
| Dewey Decimal Classification | Not For Loan | Non-fiction | Central Library, University of Rajshahi | Central Library, University of Rajshahi | Reading Room | 18/07/1976 | Swuits & zeitlinger | 8.00 | 928.2 COC V-2 1966 | 05/07/2025 | C-1 | Books |